00342pab a2200121 454500008004000000100002200040245007200062260000900134300001400143362001200157650001800169773003300187180718b2009 xxu||||| |||| 00| 0 eng d aHerman, Robert D. aAre public service nonprofit boards meeting their responsibilities? c2009 ap.387-90. aMay-Jun aCivil service aPublic Administration Review